Albín Brunovský
Salvato in:
| Autore principale: | |
|---|---|
| Natura: | Libro |
| Lingua: | inglese |
| Pubblicazione: |
Bratislava :
Tatran,
1990
|
| Edizione: | 2. vyd. |
| Soggetti: | |
| Tags: |
Nessun Tag, puoi essere il primo ad aggiungerne!!
|
MARC
| LEADER | 00000nam a22000003a 4500 | ||
|---|---|---|---|
| 001 | stu11245 | ||
| 005 | 20150617225801.6 | ||
| 008 | 950314s1990----cs------------------eng-d | ||
| 040 | |a STU |b slo | ||
| 041 | 0 | |a eng | |
| 044 | |a cs | ||
| 100 | 1 | |a Peterajová, Ľudmila |4 aut | |
| 245 | 1 | |a Albín Brunovský | |
| 250 | |a 2. vyd. | ||
| 260 | |a Bratislava : |b Tatran, |c 1990 | ||
| 300 | |a 205 s | ||
| 650 | 7 | |a výtvarníci slovenskí |2 stusub | |
| 996 | |b 284AU02803 |c A*1959 U |l AAKNST |s P |a 0 |w stu11245_0001 | ||